[Event "Sydney op"]
[Site "Parramatta"]
[Date "2010.04.11"]
[Round "9"]
[White "Ruan, Jack"]
[Black "Monir, Arman"]
[Result "0-1"]
[WhiteElo "1896"]
[BlackElo "2139"]
[PlyCount "56"]
[EventDate "2010.04.07"]
[EventType "swiss"]
[EventRounds "9"]
[EventCountry "AUS"]
[SourceTitle "CBM 135 Extra"]
[Source "ChessBase"]
[SourceDate "2010.05.04"]
[SourceVersion "1"]
[SourceVersionDate "2010.05.04"]
[SourceQuality "1"]

1. d4 Nf6 2. c4 g6 3. Nc3 d5 4. Bg5 c6 5. Bxf6 exf6 6. e3 dxc4 7. Bxc4 Bg7 8. Nge2 0-0 9. 0-0 f5 10. Nf4 Nd7 11. Qc2 Qh4 12. Be2 Nf6 13. g3 Qh6 14. Bf3 Re8 15. Bg2 Ng4 16. h3 Nf6 17. b4 Bf8 18. Rab1 Bd7 19. Nd3 f4 20. gxf4 Bxh3 21. Ne5 Bf5 22. Qb3 Rxe5 23. fxe5 Ng4 24. Rfe1 Bd3 25. Re2 Qh4 26. Qd1 Bc4 27. f3 Qh2+ 28. Kf1 Nxe3+ 0-1

[Event "AUS-ch Major"]
[Site "Cammeray"]
[Date "2010.01.13"]
[Round "11"]
[White "Cheung, Benjamin"]
[Black "Ruan, Jack"]
[Result "1/2-1/2"]
[WhiteElo "1645"]
[BlackElo "1765"]
[PlyCount "83"]
[EventDate "2010.01.02"]
[EventType "swiss"]
[EventRounds "11"]
[EventCountry "AUS"]
[SourceTitle "EXT 2011"]
[Source "ChessBase"]
[SourceDate "2010.11.26"]
[SourceVersion "1"]
[SourceVersionDate "2010.11.26"]
[SourceQuality "1"]

1. e4 c5 2. c3 Nf6 3. e5 Nd5 4. d4 cxd4 5. cxd4 e6 6. Nf3 d6 7. Nc3 Nxc3 8. bxc3 Qc7 9. Qb3 Nd7 10. Bb5 a6 11. Bxd7+ Bxd7 12. Ba3 Bc6 13. 0-0 Bxf3 14. gxf3 d5 15. Bxf8 Kxf8 16. a4 g6 17. Rab1 Rb8 18. Qa3+ Kg7 19. Rb3 Rhc8 20. Rfb1 b6 21. Qc1 Qd8 22. Qf4 Rc4 23. Ra3 Rbc8 24. Rbb3 R8c6 25. h4 h5 26. Qg3 Qe7 27. f4 Kh7 28. Qg5 Qxg5+ 29. fxg5 Kg7 30. Kf1 Kf8 31. Ke2 Ke7 32. Kd3 Ke8 33. a5 b5 34. Rb4 Kd7 35. Rab3 Kc7 36. Kc2 Kb7 37. Kb2 Rxb4 38. Rxb4 Rc4 39. Rxc4 dxc4 40. Ka3 Kc6 41. f3 Kd5 42. Kb4 1/2-1/2

[Event "AUS-ch Major"]
[Site "Cammeray"]
[Date "2010.01.03"]
[Round "2"]
[White "Reynolds, Paul"]
[Black "Ruan, Jack"]
[Result "1/2-1/2"]
[WhiteElo "1467"]
[BlackElo "1765"]
[PlyCount "79"]
[EventDate "2010.01.02"]
[EventType "swiss"]
[EventRounds "11"]
[EventCountry "AUS"]
[SourceTitle "EXT 2011"]
[Source "ChessBase"]
[SourceDate "2010.11.26"]
[SourceVersion "1"]
[SourceVersionDate "2010.11.26"]
[SourceQuality "1"]

1. d4 Nf6 2. Nf3 g6 3. g3 Bg7 4. Bg2 0-0 5. c4 d6 6. Nc3 Bg4 7. Qb3 Nc6 8. Qxb7 Bxf3 9. Bxf3 Nxd4 10. Qxa8 Qxa8 11. Bxa8 Nc2+ 12. Kd1 Nxa1 13. Bf3 Rb8 14. e3 e6 15. e4 Nd7 16. Be2 Nc5 17. f3 a6 18. Kd2 Rb4 19. Re1 Kf8 20. Bd3 Ke8 21. f4 Rb8 22. Ke2 Kd7 23. Ke3 f5 24. Bd2 fxe4 25. Nxe4 Nxe4 26. Bxe4 Rxb2 27. Rxa1 Rxd2 28. Kxd2 Bxa1 29. Bb7 a5 30. Kd3 c6 31. a4 Kc7 32. Ba6 c5 33. Ke4 Bg7 34. h3 Kc6 35. Bb5+ Kc7 36. g4 Kd8 37. Bc6 Ke7 38. Bb5 Bd4 39. Bc6 Kf6 40. Bb7 1/2-1/2

[Event "Sydney op-A"]
[Site "Parramatta"]
[Date "2009.04.17"]
[Round "5"]
[White "Oliver, Gareth"]
[Black "Ruan, Jack"]
[Result "1-0"]
[WhiteElo "2187"]
[BlackElo "1886"]
[PlyCount "55"]
[EventDate "2009.04.15"]
[EventType "swiss"]
[EventRounds "9"]
[EventCountry "AUS"]
[SourceTitle "CBM 129 Extra"]
[Source "ChessBase"]
[SourceDate "2009.05.05"]
[SourceVersion "2"]
[SourceVersionDate "2009.05.20"]
[SourceQuality "1"]

1. d4 Nf6 2. c4 g6 3. Nc3 Bg7 4. e4 d6 5. Be2 0-0 6. Nf3 e5 7. 0-0 Nc6 8. d5 Ne7 9. b4 Nh5 10. Re1 f5 11. Ng5 Nf4 12. Bf1 h6 13. Nf3 g5 14. Bxf4 exf4 15. Rc1 Ng6 16. c5 Ne5 17. Nd4 g4 18. cxd6 cxd6 19. Ncb5 Rf7 20. Ne6 Bxe6 21. dxe6 Rf8 22. Qxd6 Qh4 23. e7 Nf3+ 24. gxf3 gxf3 25. exf8Q+ Rxf8 26. exf5 Kh8 27. Qg6 Rg8 28. Rc7 1-0

[Event "Sydney op-A"]
[Site "Parramatta"]
[Date "2009.04.17"]
[Round "6"]
[White "Ruan, Jack"]
[Black "Descallar, Levi"]
[Result "1/2-1/2"]
[WhiteElo "1886"]
[BlackElo "1984"]
[PlyCount "61"]
[EventDate "2009.04.15"]
[EventType "swiss"]
[EventRounds "9"]
[EventCountry "AUS"]
[SourceTitle "CBM 129 Extra"]
[Source "ChessBase"]
[SourceDate "2009.05.05"]
[SourceVersion "2"]
[SourceVersionDate "2009.05.20"]
[SourceQuality "1"]

1. d4 d5 2. c4 c6 3. Nf3 Nf6 4. Nc3 e6 5. e3 Nbd7 6. Qc2 Be7 7. b3 0-0 8. Be2 Ng4 9. h3 Ngf6 10. 0-0 Re8 11. Bb2 Nf8 12. Ne5 Ng6 13. f4 Bd7 14. Rad1 Rc8 15. g4 Rf8 16. Bf3 b5 17. c5 b4 18. Ne2 Nh4 19. Bh1 Be8 20. Bc1 Nd7 21. Bd2 a5 22. Be1 Ng6 23. Bg3 Bh4 24. Bh2 Be7 25. Bg2 f6 26. Nxg6 Bxg6 27. f5 Bf7 28. Nf4 exf5 29. gxf5 Re8 30. Rde1 Nf8 31. Kh1 1/2-1/2

[Event "Sydney op-A"]
[Site "Parramatta"]
[Date "2009.04.16"]
[Round "4"]
[White "Bird, Andrew"]
[Black "Ruan, Jack"]
[Result "1-0"]
[WhiteElo "2146"]
[BlackElo "1886"]
[PlyCount "133"]
[EventDate "2009.04.15"]
[EventType "swiss"]
[EventRounds "9"]
[EventCountry "AUS"]
[SourceTitle "CBM 129 Extra"]
[Source "ChessBase"]
[SourceDate "2009.05.05"]
[SourceVersion "2"]
[SourceVersionDate "2009.05.20"]
[SourceQuality "1"]

1. Nf3 Nf6 2. c4 g6 3. Nc3 Bg7 4. g3 0-0 5. Bg2 d6 6. 0-0 e5 7. d3 Nbd7 8. Rb1 a5 9. a3 c6 10. e4 Ne8 11. b4 axb4 12. axb4 f5 13. Qb3 Kh8 14. Bb2 f4 15. Na4 g5 16. gxf4 exf4 17. Nd2 g4 18. f3 h5 19. Ra1 Qh4 20. Rfd1 g3 21. Nf1 Qg5 22. Bxg7+ Nxg7 23. d4 gxh2+ 24. Kxh2 Rg8 25. Qb2 h4 26. Bh3 Nh5 27. Qg2 Ng3 28. Nc3 Rxa1 29. Rxa1 Nb6 30. Bxc8 Nxf1+ 31. Qxf1 Qg3+ 32. Kh1 Nxc8 33. Ne2 Qg5 34. Qh3 Ne7 35. Rg1 Qf6 36. Rxg8+ Kxg8 37. Qg4+ Kf7 38. Qxf4 Ng6 39. Qxf6+ Kxf6 40. f4 b6 41. Kg2 c5 42. bxc5 bxc5 43. d5 Ne7 44. Kh3 Nc8 45. Kxh4 Nb6 46. Kg4 Nxc4 47. Nc3 Nd2 48. Kh5 Nf3 49. Nb5 Ke7 50. Kg4 Nd2 51. Kf5 Nc4 52. e5 dxe5 53. fxe5 Ne3+ 54. Ke4 Nc4 55. d6+ Ke6 56. Nc7+ Kd7 57. Kd5 Nb6+ 58. Kxc5 Na4+ 59. Kd4 Nb6 60. Nd5 Na4 61. Nf6+ Ke6 62. Ne4 Nb6 63. Nc5+ Kf7 64. Ke4 Ke8 65. e6 Nc4 66. d7+ Ke7 67. Nb7 1-0

[Event "Australian op"]
[Site "Manly Sydney"]
[Date "2009.01.10"]
[Round "10"]
[White "Ruan, Jack"]
[Black "Furst, Andrew"]
[Result "0-1"]
[WhiteElo "1908"]
[BlackElo "2062"]
[PlyCount "130"]
[EventDate "2009.01.02"]
[EventType "swiss"]
[EventRounds "11"]
[EventCountry "AUS"]
[SourceTitle "CBM 128 Extra"]
[Source "ChessBase"]
[SourceDate "2009.03.05"]
[SourceVersion "2"]
[SourceVersionDate "2009.03.25"]
[SourceQuality "1"]

1. d4 g6 2. c4 Bg7 3. Nc3 d6 4. e4 Nf6 5. Nf3 0-0 6. Be2 e5 7. dxe5 dxe5 8. Qxd8 Rxd8 9. Bg5 Re8 10. Nd5 Nxd5 11. cxd5 a6 12. 0-0 c6 13. Bc4 b5 14. Bb3 c5 15. a4 c4 16. Bc2 Bd7 17. Bd2 Bf8 18. Bc3 Bd6 19. axb5 Bxb5 20. Nd2 Nd7 21. Ra2 Kf8 22. Rfa1 Ke7 23. Nb1 Rec8 24. Na3 Rab8 25. Nb1 Bc5 26. Nd2 Kd6 27. Nf3 f6 28. Kf1 Rb7 29. Ke1 Ra8 30. Nd2 Bd4 31. Nf3 Bb6 32. Ba4 Rc8 33. Bc2 Nc5 34. Nd2 Ra7 35. Bb4 a5 36. Bc3 Rca8 37. Ra3 Kc7 38. R3a2 Kd7 39. Ra3 a4 40. Bb4 Na6 41. Bc3 Nc5 42. Bb4 Nb3 43. Rb1 Ba5 44. Bxa5 Rxa5 45. Bd1 Kd6 46. Be2 Kc5 47. Rd1 Kb4 48. Ra2 a3 49. bxa3+ Rxa3 50. Rxa3 Rxa3 51. Nxb3 Rxb3 52. d6 Bd7 53. Rc1 c3 54. Bd1 Rb2 55. Rc2 Rb1 56. Ra2 Be6 57. Ra4+ Kb5 58. d7 Bxd7 59. Ra7 c2 60. Rb7+ Kc6 61. Rxb1 cxb1Q 62. f3 Kc5 63. Kd2 Kd4 64. Bc2 Qb2 65. Kd1 Kc3 0-1

[Event "Australian op"]
[Site "Manly Sydney"]
[Date "2009.01.09"]
[Round "9"]
[White "Tan, Kevin"]
[Black "Ruan, Jack"]
[Result "0-1"]
[WhiteElo "2252"]
[BlackElo "1908"]
[PlyCount "74"]
[EventDate "2009.01.02"]
[EventType "swiss"]
[EventRounds "11"]
[EventCountry "AUS"]
[SourceTitle "CBM 128 Extra"]
[Source "ChessBase"]
[SourceDate "2009.03.05"]
[SourceVersion "2"]
[SourceVersionDate "2009.03.25"]
[SourceQuality "1"]

1. d4 Nf6 2. c4 g6 3. Nc3 Bg7 4. e4 d6 5. Nf3 0-0 6. Be2 e5 7. 0-0 Nc6 8. d5 Ne7 9. Ne1 Nd7 10. Be3 f5 11. f3 f4 12. Bf2 g5 13. Nd3 Nf6 14. c5 Ng6 15. cxd6 cxd6 16. a4 h5 17. Nb5 a6 18. Nc3 g4 19. a5 gxf3 20. Bxf3 Bg4 21. Na4 Nxe4 22. Bxg4 Nxf2 23. Rxf2 hxg4 24. Qxg4 Qe8 25. Nb6 Rd8 26. Rc1 Qf7 27. Rc4 Qf5 28. Qxf5 Rxf5 29. Rc7 e4 30. Nb4 Bd4 31. Rxb7 f3 32. Nc6 Bxf2+ 33. Kxf2 e3+ 34. Kg3 f2 35. Nxd8 f1Q 36. Ne6 Qf2+ 37. Kh3 Qh4# 0-1